| 000 | 00802nam a2200241Ia 4500 | ||
|---|---|---|---|
| 005 | 20220317000047.0 | ||
| 008 | 141031s2013 sp g 000 0 spa | ||
| 020 | _a9788498920949 | ||
| 082 | 0 | 4 |
_bA36 _2509 |
| 245 | 0 | 0 |
_aA hombros de gigantes : las grandes obras de la física y la astronomía _c Edición comentada de Stephen Hawking |
| 250 | _aPrimera edición. cuarta reimpresión | ||
| 264 |
_aBarcelona _bCrítica _c2013 |
||
| 300 |
_a1134 páginas _c26 cm |
||
| 336 |
_atexto _btxt _2rdacontent |
||
| 337 |
_asin mediación _bn _2rdamedia |
||
| 338 |
_avolumen _bnc _2rdacarrier |
||
| 500 | _aIncluye índice | ||
| 650 | 1 | 4 |
_2LEMB _aAstronomía _xHistoria |
| 650 | 1 | 4 |
_2LEMB _aFísica _xHistoria |
| 650 | 1 | 4 |
_2LEMB _aCiencia _xHistoria |
| 942 |
_2ddc _cBK |
||
| 040 |
_aCO-BoRNBP _bspa _erda _cCO-BoRNBP |
||
| 999 |
_c3017 _d3017 |
||